The new McGraw-Hill telecom factbook / (Record no. 353)
[ view plain ]
| 000 -LEADER | |
|---|---|
| fixed length control field | 01044nac a22002531u 4500 |
| 010 ## - LIBRARY OF CONGRESS CONTROL NUMBER | |
| LC control number | 00055011 |
| 020 ## - INTERNATIONAL STANDARD BOOK NUMBER | |
| International Standard Book Number | 0071369481 (electronic bk.) |
| 020 ## - INTERNATIONAL STANDARD BOOK NUMBER | |
| International Standard Book Number | 0071351639 |
| 082 00 - DEWEY DECIMAL CLASSIFICATION NUMBER | |
| Classification number | 384 |
| Item number | P364 |
| 090 ## - LOCALLY ASSIGNED LC-TYPE CALL NUMBER (OCLC); LOCAL CALL NUMBER (OCLC) | |
| -- | 353 |
| -- | 353 |
| 100 ## - MAIN ENTRY--PERSONAL NAME | |
| Personal name | Pecar, Joseph A. |
| 245 14 - TITLE STATEMENT | |
| Title | The new McGraw-Hill telecom factbook / |
| Statement of responsibility, etc | Joseph A. Pecar, David A. Garbin. |
| 250 ## - EDITION STATEMENT | |
| Edition statement | 2nd ed. |
| 260 ## - PUBLICATION, DISTRIBUTION, ETC. (IMPRINT) | |
| Place of publication, distribution, etc | New York : |
| Name of publisher, distributor, etc | McGraw Hill, |
| Date of publication, distribution, etc | c2000. |
| 300 ## - PHYSICAL DESCRIPTION | |
| Extent | xxiv, 823 p. : |
| Other physical details | ill. ; |
| Dimensions | 24 cm. |
| 650 #0 - SUBJECT ADDED ENTRY--TOPICAL TERM | |
| Topical term or geographic name as entry element | Telecommunication. |
| 700 1# - ADDED ENTRY--PERSONAL NAME | |
| Personal name | Garbin, David A. |
| 856 42 - ELECTRONIC LOCATION AND ACCESS | |
| Materials specified | Contributor biographical information |
| Uniform Resource Identifier | <a href="http://www.loc.gov/catdir/bios/mh041/00055011.html">http://www.loc.gov/catdir/bios/mh041/00055011.html</a> |
| 856 42 - ELECTRONIC LOCATION AND ACCESS | |
| Uniform Resource Identifier | <a href="http://www.netLibrary.com/urlapi.asp?action=summary&v=1&bookid=50919">http://www.netLibrary.com/urlapi.asp?action=summary&v=1&bookid=50919</a> |
| 856 42 - ELECTRONIC LOCATION AND ACCESS | |
| Materials specified | Publisher description |
| Uniform Resource Identifier | <a href="http://www.loc.gov/catdir/description/mh021/00055011.html">http://www.loc.gov/catdir/description/mh021/00055011.html</a> |
| 856 42 - ELECTRONIC LOCATION AND ACCESS | |
| Materials specified | Table of contents |
| Uniform Resource Identifier | <a href="http://www.loc.gov/catdir/toc/mh021/00055011.html">http://www.loc.gov/catdir/toc/mh021/00055011.html</a> |
| 942 ## - ADDED ENTRY ELEMENTS (KOHA) | |
| Item type | Book - Borrowing |
| Call number prefix | 384P364 |
| Withdrawn status | Item status | Damaged status | Not for loan | Home library | Current library | Shelving location | Date acquired | Source of acquisition | Total Checkouts | Full call number | Barcode | Date last seen | Koha item type |
|---|---|---|---|---|---|---|---|---|---|---|---|---|---|
| Central Library | Central Library | First floor | 19/03/2006 | Purchase | 384 PEC | 000004301 | 15/07/2025 | Book - Borrowing |